NAHL Teams - Statistics

General Stats
  • This quiz has been taken 12 times
  • The average score is 10 of 35
Answer Stats
Team Location Arena % Correct
Austin Bruins Austin, MN Riverside Arena
60%
Maine Nordiques Lewiston, ME The Colisee
60%
Bismarck Bobcats Bismarck, ND V.F.W. Sports Center
50%
Corpus Christi IceRays Corpus Christi, TX American Bank Center
50%
Elmira Aviators Elmira, NY LECOM Event Center
50%
El Paso Rhinos El Paso, TX El Paso County Event Center
50%
Fairbanks Ice Dogs Fairbanks, AK Big Dipper Ice Arena
40%
Janesville Jets Janesville, WI Janesville Ice Arena
40%
Minnesota Wilderness Cloquet, MN Northwoods Credit Union Arena
40%
Minot Minotauros Minot, ND Maysa Arena
40%
Chippewa Steel Chippewa Falls, WI Chippewa Area Ice Arena
30%
Danbury Jr. Hat Tricks Danbury, CT Danbury Ice Arena
30%
Johnstown Tomahawks Johnstown, PA Cambria County War Memorial Arena
30%
Kenai River Brown Bears Soldotna, AK Soldotna Regional Sports Complex
30%
Maryland Black Bears Odenton, MD Piney Orchard Ice Arena
30%
Minnesota Mallards Forest Lake, MN Forest Lake Sports Center
30%
New Jersey Titans Middletown, NJ Middletown Ice World Arena
30%
Odessa Jackalopes Odessa, TX Ector County Coliseum
30%
Rochester Jr. Americans Fairport, NY Rochester Ice Center
30%
Shreveport Mudbugs Shreveport, LA Hirsch Memorial Coliseum
30%
St. Cloud Norsemen St. Cloud, MN St. Cloud Municipal Athletic Complex
30%
Watertown Shamrocks Watertown, SD Prairie Lakes Ice Arena
30%
Aberdeen Wings Aberdeen, SD Odde Ice Center
20%
Anchorage Wolverines Anchorage, AK Sullivan Arena
20%
Lone Star Brahmas North Richland Hills, TX NYTEX Sports Centre
20%
North Iowa Bulls Mason City, IA Mason City Arena
20%
Springfield Jr. Blues Springfield, IL Nelson Center
20%
Wisconsin Windigo Eagle River, WI Eagle River Stadium
20%
Amarillo Wranglers Amarillo, TX Amarillo Civic Center
10%
Colorado Grit Greeley, CO Greeley Ice Haus
10%
New Hampshire Mountain Kings Hooksett, NH Tri-Town Ice Arena
10%
New Mexico Ice Wolves Albuquerque, NM Outpost Ice Arenas
10%
Northeast Generals Canton, MA Canton Ice House
10%
Philadelphia Rebels Washington, NJ Hollydell Ice Arena
10%
Oklahoma City Warriors Oklahoma City, OK Blazers Ice Center
0%
No matching quizzes found
Score Distribution
Percent of People with Each Score
Percentile by Number Answered
Your Score History
You have not taken this quiz